000 00348nam a2200145Ia 4500
003 OSt
005 20240321103146.0
008 170523s9999 xx 000 0 und d
020 _a978-8120326156
040 _ciimtu meerut
100 _aPUNNETT
245 0 _aMANAGEMENT OF ORGANISATIONAL BEHAVIOUR
260 _bTATA MC GRAW HILL
942 _2ddc
_c02
999 _c1718
_d1718